[Event "V Festival A"]
[Site "Giugliano in Campania ITA"]
[Date "2010.09.25"]
[Round "3"]
[White "Grasso, Nino"]
[Black "Sellitti, Luca"]
[Result "1-0"]
[WhiteElo "1932"]
[BlackElo "1984"]
[PlyCount "87"]
[EventDate "2010.09.24"]

1. e4 Nf6 2. e5 Nd5 3. c4 Nb6 4. d4 d6 5. exd6 cxd6 6. Nc3 g6 7. Be3 Bg7 8. Rc1
O-O 9. b3 Nc6 10. d5 Ne5 11. Bd4 Bh6 12. Ra1 e6 13. Bxe5 dxe5 14. d6 Nd7 15. g3
Qa5 16. Nge2 e4 17. Bg2 e3 18. O-O exf2+ 19. Kh1 Rd8 20. Rxf2 Ne5 21. Qd4 Bg7
22. Qf4 Nd3 23. Qxf7+ Kh8 24. Rf3 Bxc3 25. Nxc3 Qxc3 26. Rd1 Bd7 27. Rfxd3 Qb2
28. R3d2 Qc3 29. Bxb7 Rab8 30. Bg2 Qe5 31. Qf2 a5 32. Qd4 Qxd4 33. Rxd4 Rdc8
34. Re1 a4 35. Rd3 axb3 36. axb3 Kg7 37. Rc1 Rc5 38. Kg1 Kf7 39. Rf1+ Kg7 40.
Rdf3 Be8 41. Bh3 Rd8 42. Bxe6 Rxd6 43. Bg4 Rb6 44. R1f2 1-0

[Event "V Festival A"]
[Site "Giugliano in Campania ITA"]
[Date "2010.09.25"]
[Round "3"]
[White "Nipote, Mario"]
[Black "Scola, Enrico"]
[Result "1/2-1/2"]
[WhiteElo "1603"]
[BlackElo "1696"]
[PlyCount "60"]
[EventDate "2010.09.24"]

1. d4 Nf6 2. c4 g6 3. Nc3 d5 4. cxd5 Nxd5 5. e4 Nxc3 6. bxc3 Bg7 7. Nf3 c5 8.
Be3 cxd4 9. cxd4 Nc6 10. Rc1 Qa5+ 11. Qd2 Qxd2+ 12. Kxd2 O-O 13. Bc4 Bd7 14.
Rc2 Rac8 15. Rhc1 a6 16. Bb3 e6 17. d5 Na5 18. dxe6 Nxb3+ 19. axb3 Bxe6 20. Nd4
Rxc2+ 21. Rxc2 Rd8 22. Kd3 Bxb3 23. Rb2 Ba4 24. Rxb7 Bb5+ 25. Kc3 Rc8+ 26. Kb3
Bc4+ 27. Kb4 Bf8+ 28. Ka4 Bd3 29. Rb6 Bxe4 30. Rxa6 Bxg2 1/2-1/2

[Event "V Festival A"]
[Site "Giugliano in Campania ITA"]
[Date "2010.09.25"]
[Round "3"]
[White "Ponticelli, Carmine"]
[Black "D'Errico, Francesco"]
[Result "1-0"]
[WhiteElo "1431"]
[BlackElo "1744"]
[PlyCount "39"]
[EventDate "2010.09.24"]

1. e4 c6 2. Nf3 d5 3. exd5 cxd5 4. d4 Nf6 5. Nc3 Bg4 6. Bf4 a6 7. Be2 e6 8. a3
Nc6 9. Ne5 Bxe2 10. Nxc6 Bxd1 11. Nxd8 Bxc2 12. Nxb7 Rc8 13. Bd6 Kd7 14. Bxf8
Rhxf8 15. Nc5+ Ke7 16. Nxa6 Nd7 17. Nb4 Bb3 18. O-O Rc4 19. Rfe1 Rxd4 20. Nc6+
1-0

[Event "V Festival A"]
[Site "Giugliano in Campania ITA"]
[Date "2010.09.25"]
[Round "3"]
[White "Seletsky, Grigory"]
[Black "Basso, Lorenzo"]
[Result "1-0"]
[WhiteElo "2295"]
[BlackElo "1898"]
[PlyCount "44"]
[EventDate "2010.09.24"]

1. e4 g6 2. Bc4 Bg7 3. Nc3 c6 4. Qf3 Nh6 5. h4 d5 6. exd5 b5 7. Bb3 Bg4 8. Qf4
b4 9. Qxb4 c5 10. Qf4 O-O 11. d3 a5 12. f3 Bd7 13. h5 a4 14. Bc4 e5 15. Qd2 Nf5
16. hxg6 hxg6 17. Ne4 a3 18. bxa3 Na6 19. g4 Nh4 20. Qf2 f5 21. Ng5 Ng2+ 22.
Qxg2 Bf6 1-0

[Event "V Festival A"]
[Site "Giugliano in Campania ITA"]
[Date "2010.09.25"]
[Round "3"]
[White "Sgammato, Francesco"]
[Black "Vena, Antonio"]
[Result "0-1"]
[WhiteElo "1614"]
[BlackElo "1557"]
[PlyCount "91"]
[EventDate "2010.09.24"]

1. c4 Nf6 2. Nf3 c5 3. Nc3 Nc6 4. d4 cxd4 5. Nxd4 Qb6 6. Nb3 d6 7. Be3 Qc7 8.
Rc1 g6 9. Nd5 Qd8 10. Nxf6+ exf6 11. g3 Bg7 12. Bg2 O-O 13. O-O Be6 14. Nd4
Nxd4 15. Bxd4 Qd7 16. Re1 Rac8 17. b3 b6 18. e4 Bg4 19. Qd2 Rfe8 20. f3 Bh3 21.
Bh1 f5 22. Bxg7 Kxg7 23. Rcd1 Rcd8 24. Qc3+ f6 25. e5 Rxe5 26. Rxe5 fxe5 27. f4
Qc7 28. Rd5 Kf6 29. fxe5+ dxe5 30. Qd2 Rxd5 31. Qxd5 Qc5+ 32. Qxc5 bxc5 33. Bd5
f4 34. Kf2 fxg3+ 35. Kxg3 Be6 36. Be4 Bf5 37. Kf3 Bxe4+ 38. Kxe4 Ke6 39. b4
cxb4 40. c5 a5 41. c6 a4 42. Kd3 b3 43. axb3 axb3 44. Kc3 Kd6 45. Kxb3 Kxc6 46.
Kc4 0-1

[Event "V Festival A"]
[Site "Giugliano in Campania ITA"]
[Date "2010.09.25"]
[Round "3"]
[White "Tesone, Crescenzo"]
[Black "Caporale, Giuseppe Guido"]
[Result "1-0"]
[WhiteElo "1833"]
[BlackElo "1782"]
[PlyCount "25"]
[EventDate "2010.09.24"]

1. Nc3 e5 2. e4 c6 3. Nf3 d6 4. Bc4 Be6 5. Qe2 b5 6. Bxe6 fxe6 7. d4 exd4 8.
Nxd4 Qd7 9. Bg5 e5 10. Nf5 g6 11. Ng3 h6 12. Be3 Na6 13. a4 1-0

[Event "V Festival A"]
[Site "Giugliano in Campania ITA"]
[Date "2010.09.25"]
[Round "3"]
[White "Vena, Alessio"]
[Black "Chino, Ferdinando"]
[Result "0-1"]
[WhiteElo "1882"]
[BlackElo "1647"]
[PlyCount "66"]
[EventDate "2010.09.24"]

1. e4 c5 2. c3 Nf6 3. e5 Nd5 4. d4 cxd4 5. Nf3 e6 6. cxd4 Qc7 7. Bd3 Nc6 8. O-O
a6 9. a3 d6 10. Qe2 dxe5 11. dxe5 Bc5 12. Qe4 Bd7 13. Nbd2 Nce7 14. b4 Ba7 15.
Bb2 b5 16. Rac1 Bc6 17. Bd4 Qb7 18. Qg4 Ng6 19. Nb3 Nde7 20. Rfe1 Qd7 21. Bxa7
Qxd3 22. Nc5 Bxf3 23. gxf3 Qxa3 24. Ra1 Qb2 25. Rxa6 O-O 26. Nd3 Qc3 27. Qe4
Rfd8 28. Bb6 Rxa6 29. Bxd8 Nd5 30. Ba5 Ra8 31. Rc1 Qd2 32. Rc5 Rb8 33. Kg2 Qxd3
0-1

[Event "V Festival A"]
[Site "Giugliano in Campania ITA"]
[Date "2010.09.26"]
[Round "4"]
[White "Abbes, Rached"]
[Black "Caporale, Giuseppe Guido"]
[Result "1-0"]
[WhiteElo "1494"]
[BlackElo "1782"]
[PlyCount "97"]
[EventDate "2010.09.24"]

1. e4 a6 2. d4 b5 3. Nf3 Bb7 4. d5 c6 5. c4 d6 6. e5 dxe5 7. Nxe5 Nf6 8. dxc6
Qxd1+ 9. Kxd1 Nxc6 10. Nxc6 Bxc6 11. cxb5 axb5 12. f3 Rd8+ 13. Ke1 e5 14. Bg5
Bb4+ 15. Nc3 O-O 16. Bxf6 Bxc3+ 17. bxc3 gxf6 18. c4 b4 19. Rd1 Rxd1+ 20. Kxd1
Rd8+ 21. Kc2 Ba4+ 22. Kc1 Rd1+ 23. Kb2 Rd2+ 24. Kb1 Rf2 25. Bd3 Rxg2 26. c5 Kf8
27. Bxh7 Bc6 28. Be4 Bxe4+ 29. fxe4 Ke7 30. h4 Kd7 31. h5 Kc6 32. h6 Rg8 33.
Kc2 Kxc5 34. h7 Rh8 35. Kd3 Kb5 36. Rh2 Ka4 37. Kc4 Ka5 38. Kc5 Ka4 39. Kd6 Ka3
40. Ke7 f5 41. exf5 e4 42. Kxf7 Rxh7+ 43. Rxh7 Kxa2 44. Kg6 b3 45. f6 b2 46.
Ra7+ Kb3 47. Rb7+ Kc2 48. f7 e3 49. f8=Q 1-0

[Event "V Festival A"]
[Site "Giugliano in Campania ITA"]
[Date "2010.09.26"]
[Round "4"]
[White "Accardo, Francesco"]
[Black "Ponticelli, Carmine"]
[Result "1-0"]
[WhiteElo "1870"]
[BlackElo "1431"]
[PlyCount "63"]
[EventDate "2010.09.24"]

1. g4 e5 2. Bg2 d5 3. d4 exd4 4. Qxd4 c6 5. Nc3 Be6 6. Bf4 Nd7 7. h3 Ngf6 8.
Rb1 Bc5 9. Qd3 d4 10. Nd1 Bxa2 11. Ra1 Be6 12. Nf3 Nd5 13. Bd2 Qb6 14. O-O a5
15. c3 dxc3 16. bxc3 N7f6 17. e4 Nc7 18. Ng5 Rd8 19. Qc2 Nb5 20. Nxe6 fxe6 21.
Bf4 O-O 22. Qa2 Rxd1 23. Qxe6+ Kh8 24. Raxd1 Nxc3 25. Rd2 Nfxe4 26. Bxe4 Rxf4
27. Bf5 Bf8 28. Qf7 Rxf5 29. gxf5 Qc5 30. Rd8 Ne2+ 31. Kh1 h6 32. Rxf8+ 1-0

[Event "V Festival A"]
[Site "Giugliano in Campania ITA"]
[Date "2010.09.26"]
[Round "4"]
[White "Bianco, Raffaele"]
[Black "Pennacchio, Mario"]
[Result "1-0"]
[WhiteElo "2090"]
[BlackElo "1515"]
[PlyCount "72"]
[EventDate "2010.09.24"]

1. e4 c5 2. Nf3 d6 3. d4 cxd4 4. Nxd4 Nf6 5. Nc3 Nc6 6. Bg5 e6 7. Qd2 Be7 8.
O-O-O Ng4 9. Nxc6 bxc6 10. Bxe7 Qxe7 11. f3 Nf6 12. Qxd6 Qxd6 13. Rxd6 Bb7 14.
Bc4 O-O 15. Rhd1 a5 16. Na4 Rac8 17. Nc5 Ba8 18. Nxe6 Rfe8 19. Rd8 Nd5 20.
Rxe8+ Rxe8 21. exd5 fxe6 22. dxe6 g5 23. Rd7 c5 24. Rf7 g4 25. e7 Bc6 26. f4
Bb5 27. Bd5 Bc6 28. Bxc6 Kxf7 29. Bxe8+ Kxe8 30. g3 Kxe7 31. Kd2 Ke6 32. Kd3
Kd5 33. b3 c4+ 34. bxc4+ Kc5 35. Kc3 h5 36. a3 Kd6 1-0

[Event "V Festival A"]
[Site "Giugliano in Campania ITA"]
[Date "2010.09.26"]
[Round "4"]
[White "Cappuccio, Salvatore"]
[Black "Seletsky, Grigory"]
[Result "0-1"]
[WhiteElo "1969"]
[BlackElo "2295"]
[PlyCount "74"]
[EventDate "2010.09.24"]

1. d4 c5 2. e3 cxd4 3. exd4 d5 4. Nf3 Nc6 5. Be2 g6 6. c3 Bg7 7. Bf4 Bg4 8.
Nbd2 e6 9. h3 Bxf3 10. Nxf3 Nge7 11. O-O O-O 12. Qd2 Nf5 13. Rfe1 Rc8 14. Rac1
Nd6 15. Bd3 a6 16. Bh6 b5 17. Bxg7 Kxg7 18. Qf4 Qc7 19. Qh4 Qe7 20. Qxe7 Nxe7
21. Ne5 Rc7 22. Re2 a5 23. Rec2 Nc6 24. f4 Rb8 25. a3 h5 26. Kf2 Nc4 27. g3 Ne7
28. Kf3 Nd6 29. Kf2 Ne4+ 30. Kg2 Nf5 31. Re1 Nexg3 32. Nf3 b4 33. Ng5 bxc3 34.
Rxe6 Nxd4 35. Rxg6+ fxg6 36. Rxc3 Rxc3 37. bxc3 Ndf5 0-1

[Event "V Festival A"]
[Site "Giugliano in Campania ITA"]
[Date "2010.09.26"]
[Round "4"]
[White "Chino, Ferdinando"]
[Black "Alfieri, Sabato"]
[Result "1-0"]
[WhiteElo "1647"]
[BlackElo "1628"]
[PlyCount "91"]
[EventDate "2010.09.24"]

1. e4 c5 2. Nf3 d6 3. d4 cxd4 4. Nxd4 Nf6 5. Nc3 g6 6. Be2 Bg7 7. Be3 O-O 8.
O-O Nc6 9. Kh1 Bd7 10. f3 Rc8 11. Qd2 Ne5 12. Nd5 Nxd5 13. exd5 Nc4 14. Bxc4
Rxc4 15. c3 Qc7 16. Bh6 Bxh6 17. Qxh6 Qa5 18. Nc2 Rc7 19. Qd2 Qb5 20. Ne3 Qa4
21. c4 b5 22. b3 Qa6 23. f4 Rb8 24. f5 Qc8 25. f6 exf6 26. Rxf6 Qf8 27. Raf1
bxc4 28. bxc4 Be8 29. h3 Rcb7 30. Ng4 h5 31. Nh6+ Kh7 32. Nf5 Rb1 33. Nh4 Rxf1+
34. Rxf1 Qg7 35. Qe3 a6 36. Qa7 Rb2 37. Qxa6 Qe5 38. Nf3 Qe2 39. Rg1 Rxa2 40.
Qxd6 Kg7 41. c5 Ra6 42. c6 Qd3 43. Qe5+ Kf8 44. Qh8+ Ke7 45. Re1+ Kd6 46. Qxe8
1-0

[Event "V Festival A"]
[Site "Giugliano in Campania ITA"]
[Date "2010.09.26"]
[Round "4"]
[White "D'Errico, Francesco"]
[Black "Caiazza, Antonio A."]
[Result "1-0"]
[WhiteElo "1744"]
[BlackElo "1518"]
[PlyCount "145"]
[EventDate "2010.09.24"]

1. d4 Nf6 2. Nf3 e6 3. Bf4 d5 4. e3 Nc6 5. Nbd2 Bd7 6. c3 Bd6 7. Ne5 Bxe5 8.
dxe5 Ng8 9. Nf3 Nge7 10. Nd4 Ng6 11. Nxc6 bxc6 12. Qd4 Qe7 13. Be2 c5 14. Qd2
O-O 15. O-O Rfb8 16. Bg3 c4 17. Rfd1 Ba4 18. Rdc1 Rb7 19. Rab1 Rab8 20. Bd1 Qd7
21. Bf3 a5 22. e4 c6 23. Re1 dxe4 24. Qxd7 Rxd7 25. Bxe4 Rd2 26. Bxg6 hxg6 27.
b3 cxb3 28. axb3 Bxb3 29. Bf4 Rc2 30. Rec1 Rxc1+ 31. Bxc1 c5 32. Ba3 c4 33. f4
Rb5 34. Kf2 Rd5 35. Ke2 f6 36. Bd6 Rd3 37. Rxb3 fxe5 38. Rb8+ Kh7 39. Bxe5 Rd7
40. Ra8 g5 41. g3 gxf4 42. gxf4 Rb7 43. Rxa5 Rb2+ 44. Ke3 Rxh2 45. Kd4 Rg2 46.
Kxc4 g5 47. fxg5 Rxg5 48. Ra7+ Kg8 49. Ra8+ Kf7 50. Ra7+ Kg8 51. Ra5 Kf7 52.
Kb4 Rg4+ 53. Bd4 Ke7 54. Re5 Kd6 55. Ra5 Re4 56. Kc4 Kc6 57. Ra6+ Kb7 58. Kb5
Re2 59. Bc5 Rb2+ 60. Bb4 Re2 61. Rb6+ Kc7 62. c4 e5 63. Re6 Kd7 64. Re7+ Kd8
65. Bd6 Rd2 66. c5 e4 67. Rxe4 Kd7 68. Re7+ Kd8 69. Kc6 Rg2 70. Ra7 Ke8 71.
Ra8+ Kf7 72. Kd7 Rb2 73. c6 1-0

[Event "V Festival A"]
[Site "Giugliano in Campania ITA"]
[Date "2010.09.26"]
[Round "4"]
[White "Della Corte, Alessandro"]
[Black "Fezza, Davide"]
[Result "1-0"]
[WhiteElo "2261"]
[BlackElo "2090"]
[PlyCount "85"]
[EventDate "2010.09.24"]

1. c4 Nf6 2. g3 g6 3. Bg2 Bg7 4. Nc3 d6 5. Nf3 O-O 6. O-O e5 7. d3 Nc6 8. Rb1
a5 9. a3 h6 10. b4 axb4 11. axb4 Ne8 12. b5 Ne7 13. Bb2 f5 14. Qb3 Kh8 15. Ra1
Rb8 16. Nd2 g5 17. Ra7 Nf6 18. Rfa1 Qe8 19. Nd5 Nexd5 20. cxd5 Qh5 21. b6 cxb6
22. Ba3 Ne8 23. Nc4 Rf6 24. Qxb6 Bf8 25. Qb2 Qf7 26. Na5 Nc7 27. Rc1 Qd7 28.
Nc6 Ra8 29. Nxe5 dxe5 30. Rxc7 Qxc7 31. Rxa8 Bxa3 32. Qxa3 Kg7 33. d6 Qd7 34.
Qc5 Rf8 35. Qxe5+ Kg6 36. Qc5 Kf6 37. Bd5 Re8 38. Bc4 Rd8 39. Bb5 Qe6 40. d7
Bxd7 41. Rxd8 Qxe2 42. Rxd7 g4 43. Qd6+ 1-0

[Event "V Festival A"]
[Site "Giugliano in Campania ITA"]
[Date "2010.09.26"]
[Round "4"]
[White "Grasso, Nino"]
[Black "Delfino, Luigi"]
[Result "0-1"]
[WhiteElo "1932"]
[BlackElo "2170"]
[PlyCount "88"]
[EventDate "2010.09.24"]

1. e4 c5 2. d4 cxd4 3. c3 dxc3 4. Nxc3 Nc6 5. Nf3 d6 6. Bc4 a6 7. O-O Nf6 8. e5
dxe5 9. Qxd8+ Nxd8 10. Nxe5 Be6 11. Be3 Bxc4 12. Nxc4 Rc8 13. Nb6 Rc6 14. Rfc1
e6 15. Nca4 Be7 16. Nc8 Nd5 17. Nxe7 Kxe7 18. Bc5+ Kd7 19. Bd4 f6 20. Nc5+ Kd6
21. Ne4+ Kc7 22. f3 b6 23. a4 a5 24. g4 Nf7 25. Rxc6+ Kxc6 26. Rc1+ Kb7 27. g5
e5 28. Bf2 f5 29. Ng3 g6 30. h4 Nf4 31. Rd1 Rd8 32. Rxd8 Nxd8 33. Be1 Kc6 34.
Bc3 Kd5 35. Kf2 Nc6 36. Nf1 Kc4 37. Nd2+ Kd3 38. Nb3 Nd5 39. Nc1+ Kc2 40. Ne2
Kb3 41. Nc1+ Kxa4 42. Bd2 Kb5 43. Nd3 Kc4 44. Ke2 Nd4+ 0-1

[Event "V Festival A"]
[Site "Giugliano in Campania ITA"]
[Date "2010.09.26"]
[Round "4"]
[White "Mazzarella, Antonio"]
[Black "Basso, Lorenzo"]
[Result "1/2-1/2"]
[WhiteElo "2040"]
[BlackElo "1898"]
[PlyCount "39"]
[EventDate "2010.09.24"]

1. d4 Nf6 2. Nf3 g6 3. Nc3 Bg7 4. e4 d5 5. Bd3 c5 6. e5 Ne4 7. dxc5 Nxc3 8.
bxc3 Bg4 9. Bb5+ Nc6 10. Qd4 Bxf3 11. gxf3 Rc8 12. Be3 O-O 13. Bxc6 Rxc6 14.
O-O Qd7 15. Rad1 Qf5 16. Qxd5 Bxe5 17. Qe4 Qh5 18. f4 Bb8 19. Rd5 Qe2 20. Qd3
1/2-1/2

[Event "V Festival A"]
[Site "Giugliano in Campania ITA"]
[Date "2010.09.26"]
[Round "4"]
[White "Scola, Enrico"]
[Black "Fusco, Ferdinando"]
[Result "1-0"]
[WhiteElo "1696"]
[BlackElo "1693"]
[PlyCount "64"]
[EventDate "2010.09.24"]

1. e4 c5 2. c3 d6 3. d4 cxd4 4. cxd4 Nc6 5. Nf3 g6 6. Nc3 Bg7 7. Bb5 a6 8. Ba4
Bd7 9. O-O Nf6 10. Re1 O-O 11. h3 Rc8 12. Bg5 b5 13. Bc2 b4 14. Nd5 e6 15. Ne3
Qc7 16. Rc1 Qb7 17. Nc4 Ne8 18. d5 Nb8 19. b3 f6 20. dxe6 Bb5 21. Bf4 Bxc4 22.
bxc4 Qe7 23. Bb3 Nc6 24. c5 Ne5 25. Bxe5 fxe5 26. Qd3 dxc5 27. Qd7 Rc7 28. Qxe7
Rxe7 29. Rxc5 Rxf3 30. gxf3 Nc7 31. Rxc7 Rxc7 32. e7+ Kh8 1-0

[Event "V Festival A"]
[Site "Giugliano in Campania ITA"]
[Date "2010.09.26"]
[Round "4"]
[White "Sellitti, Luca"]
[Black "Della Rocca, Giuseppe"]
[Result "1-0"]
[WhiteElo "1984"]
[BlackElo "1879"]
[PlyCount "79"]
[EventDate "2010.09.24"]

1. e4 c5 2. a3 Nc6 3. b4 d5 4. exd5 Qxd5 5. Nc3 Qd8 6. bxc5 e5 7. Bc4 Nf6 8. h3
Bxc5 9. Nf3 O-O 10. O-O a6 11. d3 h6 12. Re1 Re8 13. Be3 Bd4 14. Bxd4 exd4 15.
Rxe8+ Qxe8 16. Ne2 Qd8 17. Qd2 g5 18. Re1 Nh7 19. h4 Bg4 20. Nh2 Qd7 21. hxg5
hxg5 22. Ng3 Bf5 23. Nf3 Bg6 24. Nxg5 Qg4 25. Nh3 Nf6 26. Qf4 Qxf4 27. Nxf4 Kg7
28. Kf1 b5 29. Bb3 Rc8 30. Nxg6 Kxg6 31. Ne4 Nxe4 32. Rxe4 b4 33. axb4 Nxb4 34.
Rxd4 Nxc2 35. Bxc2 Rxc2 36. Rd6+ Kf5 37. Rxa6 Rd2 38. Rd6 Ke5 39. Rd8 f5 40. g3
1-0

[Event "V Festival A"]
[Site "Giugliano in Campania ITA"]
[Date "2010.09.26"]
[Round "4"]
[White "Tagliento, Francesco"]
[Black "Nipote, Mario"]
[Result "1-0"]
[WhiteElo "1413"]
[BlackElo "1603"]
[PlyCount "103"]
[EventDate "2010.09.24"]

1. e4 e6 2. d4 d5 3. exd5 exd5 4. Bd3 c5 5. Nf3 Nc6 6. dxc5 Bxc5 7. O-O Nf6 8.
Bg5 h6 9. Bh4 Be6 10. Nc3 Qc7 11. Nb5 Qd7 12. a4 a6 13. Nc3 Qc7 14. Qe2 O-O-O
15. Na2 Rhe8 16. Qd2 Bd6 17. c3 Ne5 18. Nxe5 Bxe5 19. Bg3 Bxg3 20. fxg3 Qb6+
21. Kh1 Bd7 22. Bf5 Re5 23. Bxd7+ Rxd7 24. Nb4 Rde7 25. a5 Qb5 26. Qd3 Qxd3 27.
Nxd3 Re2 28. Rae1 Rxe1 29. Rxe1 Rxe1+ 30. Nxe1 Ne4 31. Kg1 Kc7 32. Nd3 f6 33.
Nb4 Kd6 34. Kf1 Kc5 35. Ke2 Kc4 36. Nd3 f5 37. Ke3 g6 38. Ne5+ Kb3 39. Nd3 Ka4
40. Kd4 Kxa5 41. Kxd5 Kb5 42. Ne5 Nc5 43. b4 Na4 44. Kd4 g5 45. Nf7 a5 46. bxa5
Kxa5 47. Nxh6 f4 48. gxf4 gxf4 49. Nf5 b5 50. h4 Nb6 51. h5 Nc4 52. h6 1-0

[Event "V Festival A"]
[Site "Giugliano in Campania ITA"]
[Date "2010.09.26"]
[Round "5"]
[White "Basso, Lorenzo"]
[Black "Abbes, Rached"]
[Result "0-1"]
[WhiteElo "1898"]
[BlackElo "1494"]
[PlyCount "56"]
[EventDate "2010.09.24"]

1. d4 Nf6 2. Bg5 d5 3. e3 Nbd7 4. Bd3 h6 5. Bf4 e6 6. Nd2 Bd6 7. Bxd6 cxd6 8.
Ne2 O-O 9. c4 dxc4 10. Nxc4 d5 11. Nd2 Nb6 12. O-O Bd7 13. Rc1 Rc8 14. Rxc8
Nxc8 15. Nf3 Nd6 16. Ne5 Qa5 17. Nc3 Rc8 18. Qe2 Be8 19. a3 Nfe4 20. Bxe4 Nxe4
21. Nxe4 dxe4 22. Ra1 Qa4 23. Qg4 Rc2 24. Rb1 Qb3 25. Qd1 f6 26. Ng4 Qd3 27.
Qxd3 exd3 28. e4 d2 0-1

[Event "V Festival A"]
[Site "Giugliano in Campania ITA"]
[Date "2010.09.26"]
[Round "5"]
[White "Chino, Ferdinando"]
[Black "Accardo, Francesco"]
[Result "0-1"]
[WhiteElo "1647"]
[BlackElo "1870"]
[PlyCount "90"]
[EventDate "2010.09.24"]

1. e4 a6 2. g3 e5 3. d4 Nc6 4. d5 Na7 5. Nf3 d6 6. c4 Nf6 7. Nc3 Be7 8. Bg2 b5
9. b3 b4 10. Ne2 Nxe4 11. O-O f5 12. Nd2 Nc5 13. Nf3 O-O 14. Nxe5 Bf6 15. f4
dxe5 16. Bb2 e4 17. Bxf6 Qxf6 18. Nd4 Bd7 19. a3 bxa3 20. Rxa3 Nd3 21. Nc2 Qb6+
22. Kh1 c6 23. Qe2 cxd5 24. cxd5 Nb5 25. Raa1 Nc3 26. Qd2 Nxd5 27. Ne1 Bb5 28.
Nxd3 Bxd3 29. Rfe1 Nb4 30. Ra4 a5 31. Bf1 Rfd8 32. Qg2 Nc2 33. Rc1 Ne3 34. Qh3
Bxf1 35. Rxf1 Nxf1 36. Qxf1 Qxb3 37. Ra1 a4 38. Rb1 Qf3+ 39. Qxf3 exf3 40. Kg1
Rd2 41. Ra1 Rc8 42. Rb1 a3 43. h3 Rb2 44. Ra1 Rcc2 45. Rxa3 Rc1# 0-1

[Event "V Festival A"]
[Site "Giugliano in Campania ITA"]
[Date "2010.09.26"]
[Round "5"]
[White "Delfino, Luigi"]
[Black "Bianco, Raffaele"]
[Result "1-0"]
[WhiteElo "2170"]
[BlackElo "2090"]
[PlyCount "84"]
[EventDate "2010.09.24"]

1. c4 Nf6 2. Nc3 g6 3. d4 Bg7 4. e4 d6 5. Nf3 O-O 6. h3 e5 7. d5 Na6 8. Bg5 h6
9. Be3 Nc5 10. Nd2 a5 11. Be2 c6 12. O-O Nfd7 13. b3 f5 14. f3 Na6 15. a3 f4
16. Bf2 Bf6 17. Qe1 Rb8 18. Rb1 Nc7 19. Kh1 h5 20. b4 axb4 21. axb4 c5 22. Nb3
b6 23. bxc5 bxc5 24. Na5 Rxb1 25. Nxb1 Nb8 26. Na3 g5 27. Qd2 Ne8 28. Rb1 Bd7
29. Nb5 g4 30. Bf1 Bh4 31. Nb7 Qb6 32. Nc3 Qc7 33. Bxh4 Na6 34. Nd8 Nf6 35. Ne6
Bxe6 36. dxe6 Nb4 37. Bxf6 Rxf6 38. Rxb4 Rxe6 39. Qd5 cxb4 40. Qxe6+ Kh8 41.
Qf6+ Kh7 42. Nd5 Qa7 1-0

[Event "V Festival A"]
[Site "Giugliano in Campania ITA"]
[Date "2010.09.26"]
[Round "5"]
[White "Fezza, Davide"]
[Black "Sellitti, Luca"]
[Result "1-0"]
[WhiteElo "2090"]
[BlackElo "1984"]
[PlyCount "70"]
[EventDate "2010.09.24"]

1. e4 e6 2. d4 d5 3. Nd2 dxe4 4. Nxe4 Bd7 5. Nf3 Bc6 6. Ng3 Nd7 7. Bd3 Ngf6 8.
O-O Bxf3 9. Qxf3 c6 10. c4 Be7 11. Bd2 Nb6 12. Bc3 Na4 13. Rfe1 Nxc3 14. bxc3
O-O 15. Ne4 Re8 16. Ng5 Bf8 17. Bxh7+ Nxh7 18. Qxf7+ Kh8 19. Nxh7 Kxh7 20. Re5
Qh4 21. Rh5+ Qxh5 22. Qxh5+ Kg8 23. Re1 Bd6 24. g4 Kf8 25. Re3 Ke7 26. Rf3 Kd7
27. Qg5 Rad8 28. c5 Bb8 29. Rf7+ Kc8 30. Qg6 Bc7 31. Rxg7 Kb8 32. h4 e5 33. h5
exd4 34. cxd4 Re1+ 35. Kg2 b6 1-0

[Event "V Festival A"]
[Site "Giugliano in Campania ITA"]
[Date "2010.09.26"]
[Round "5"]
[White "Gallina, Giacomo"]
[Black "Vena, Alessio"]
[Result "0-1"]
[WhiteElo "1720"]
[BlackElo "1882"]
[PlyCount "76"]
[EventDate "2010.09.24"]

1. e4 e5 2. Bc4 Nf6 3. d3 c6 4. Nf3 d5 5. exd5 cxd5 6. Bb3 Nc6 7. O-O Bc5 8.
Nc3 h6 9. Qe1 O-O 10. Na4 Bd6 11. Nc3 Bc7 12. Nb5 Bb8 13. c3 a6 14. Na3 Qd6 15.
g3 Bh3 16. Nh4 Bxf1 17. Qxf1 e4 18. dxe4 dxe4 19. Nc4 Qd8 20. Qh3 b5 21. Ne3
Ne5 22. Nef5 Ba7 23. Bxh6 Bxf2+ 24. Kxf2 Nfg4+ 25. Kg2 Nxh6 26. Rd1 Qg5 27. Bc2
Rad8 28. Kg1 Rxd1+ 29. Bxd1 Qc1 30. Qf1 Rd8 31. Ne7+ Kf8 32. Nhg6+ Ke8 33. Bg4
Qxf1+ 34. Kxf1 Nexg4 35. h3 fxg6 36. Nxg6 Kf7 37. Nf4 Ne5 38. Ke2 Nd3 0-1

[Event "V Festival A"]
[Site "Giugliano in Campania ITA"]
[Date "2010.09.26"]
[Round "5"]
[White "Gambardella, Piero"]
[Black "Grasso, Nino"]
[Result "0-1"]
[WhiteElo "1984"]
[BlackElo "1932"]
[PlyCount "86"]
[EventDate "2010.09.24"]

1. d4 Nf6 2. Bg5 Ne4 3. Bf4 c5 4. f3 Qa5+ 5. c3 Nf6 6. d5 Qb6 7. Bc1 e6 8. e4
exd5 9. exd5 Qd6 10. c4 b5 11. Nc3 bxc4 12. Bxc4 Ba6 13. Bxa6 Nxa6 14. Nge2 g6
15. Ng3 Bg7 16. Qe2+ Qe7 17. Qxe7+ Kxe7 18. Bf4 Rhe8 19. O-O-O Kf8 20. Bd6+ Kg8
21. Rhe1 Rxe1 22. Rxe1 Ne8 23. Bf4 Nb4 24. Rd1 c4 25. Nge4 Nd3+ 26. Rxd3 cxd3
27. Kd2 f5 28. Nc5 Nf6 29. Kxd3 Rc8 30. Nb3 Nh5 31. Bd6 Bf8 32. Bxf8 Kxf8 33.
Kd4 Re8 34. Nc5 Nf6 35. Nd3 Ke7 36. Ne5 Rb8 37. Nc4 Ne8 38. b3 Nd6 39. Kc5 Nxc4
40. bxc4 d6+ 41. Kc6 Rb2 42. Na4 Rxa2 43. Nc3 Rc2 0-1

[Event "V Festival A"]
[Site "Giugliano in Campania ITA"]
[Date "2010.09.26"]
[Round "5"]
[White "Nipote, Mario"]
[Black "Sgammato, Francesco"]
[Result "0-1"]
[WhiteElo "1603"]
[BlackElo "1614"]
[PlyCount "49"]
[EventDate "2010.09.24"]

1. d4 e6 2. c4 Nf6 3. Nc3 d5 4. Bg5 Be7 5. Nf3 O-O 6. e3 h6 7. Bh4 b6 8. cxd5
exd5 9. Bd3 Be6 10. Rc1 c5 11. dxc5 bxc5 12. O-O Nc6 13. Qe2 Nb4 14. Bb1 Qa5
15. a3 Nc6 16. Qc2 g6 17. Rfe1 Rac8 18. Bg3 Bf5 19. e4 dxe4 20. Nxe4 Nxe4 21.
Rxe4 Bf6 22. Nh4 Bxh4 23. Bxh4 Nd4 24. Qc4 Bxe4 25. Bxe4 0-1

[Event "V Festival A"]
[Site "Giugliano in Campania ITA"]
[Date "2010.09.26"]
[Round "5"]
[White "Pennacchio, Mario"]
[Black "Mazzarella, Antonio"]
[Result "0-1"]
[WhiteElo "1515"]
[BlackElo "2040"]
[PlyCount "108"]
[EventDate "2010.09.24"]

1. e4 d5 2. exd5 Qxd5 3. Nc3 Qa5 4. d4 Nf6 5. Bd3 c6 6. Nge2 Bg4 7. Bd2 e6 8.
a3 Nbd7 9. O-O Be7 10. Qe1 Qc7 11. f3 Bh5 12. Bf4 Bd6 13. Qg3 Bxf4 14. Nxf4 Bg6
15. Nce2 O-O-O 16. b4 e5 17. dxe5 Nxe5 18. b5 Nxd3 19. cxd3 Qb6+ 20. d4 Qxb5
21. Qf2 Qa5 22. Nxg6 hxg6 23. Qe3 Rhe8 24. Qf2 Rd7 25. Nc1 Qc3 26. Ne2 Qe3 27.
Qxe3 Rxe3 28. Kf2 Nd5 29. Nf4 Rb3 30. Nxd5 Rxd5 31. Rfd1 Rb2+ 32. Kg3 Rg5+ 33.
Kf4 Rgxg2 34. d5 cxd5 35. Rac1+ Rbc2 36. h4 Rxc1 37. Rxc1+ Kd7 38. Ke5 Rd2 39.
Rb1 b6 40. Rb4 f6+ 41. Kf4 Rc2 42. Kg3 Rc4 43. Rb3 d4 44. Rd3 Kd6 45. Kf4 Kd5
46. Rb3 Rc5 47. Rb1 Kc4 48. Rg1 g5+ 49. hxg5 Rxg5 50. Rc1+ Kd3 51. Rc7 a5 52.
Rb7 b5 53. a4 b4 54. Rd7 Kc3 0-1

[Event "V Festival A"]
[Site "Giugliano in Campania ITA"]
[Date "2010.09.26"]
[Round "5"]
[White "Ponticelli, Carmine"]
[Black "Vena, Antonio"]
[Result "0-1"]
[WhiteElo "1431"]
[BlackElo "1557"]
[PlyCount "44"]
[EventDate "2010.09.24"]

1. e4 e5 2. Bc4 Nf6 3. d3 c6 4. Bg5 h6 5. Bh4 Be7 6. Bxf6 Bxf6 7. Nc3 a5 8. a3
O-O 9. Nge2 d6 10. d4 exd4 11. Nxd4 Qb6 12. Nce2 Qxb2 13. Bb3 Bxd4 14. Nxd4
Qc3+ 15. Ke2 Re8 16. f3 d5 17. Qd3 Qc5 18. Kd2 dxe4 19. fxe4 Nd7 20. c3 Qg5+
21. Qe3 Qxg2+ 22. Kd3 Ne5# 0-1